Central Library OPAC University of Rajshahi
Normal view MARC view

Entry Personal Name

Number of records used in: 3

001 - CONTROL NUMBER

  • control field: 12759

003 - CONTROL NUMBER IDENTIFIER

  • control field: BD-RjUL

005 - DATE AND TIME OF LATEST TRANSACTION

  • control field: 20240428161139.0

008 - FIXED-LENGTH DATA ELEMENTS

  • fixed length control field: 240428|| aca||aabn | a|a d

040 ## - CATALOGING SOURCE

  • Original cataloging agency: BD-RjUL
  • Transcribing agency: BD-RjUL

100 ## - HEADING--PERSONAL NAME

  • Personal name: Diba, Nasrin Jahan

670 ## - SOURCE DATA FOUND

  • Source citation: Work cat.: (BD-RjUL)83605: Diba, Nasrin Jahan, Ecology and systematics of the characeae of the barind tract /, 2010